000 00886nam a2200241 a 4500
005 20250619063853.0
008 991125s1993 es 000 0 spa u
020 _a8447302245
035 _aUPN01000152342
049 _aCG
050 4 _aBF431
_bS2.2a
100 1 _aSagan, Carl,
_d1934-1996
_929894
245 1 4 _aLos dragones del Edén /
_cCarl Sagan ; tr. Rafael Andreu.
260 _aBarcelona, Esp. :
_bRBA,
_c1993.
300 _a266 p. :
_bil.
440 0 _aBiblioteca de divulgación científica ;
_v9
500 _a"La singular historia de evolución del cerebro humano. ¿Recoge la memoria genética del recuerdo de las contradicciones entre los diferentes estratos evolutivos de nuestro cerebro?"
534 _pTraducción de:
_tThe dragons of Eden
650 4 _aInteligencia
_9939
650 4 _aCerebro
_95053
650 4 _aPsicología genética
_94967
905 _aLibro
999 _c124465
_d124465